| 000 | 00371nam a2200145Ia 4500 | ||
|---|---|---|---|
| 008 | 230724s2003 xx 000 0 und d | ||
| 041 | _aeng | ||
| 082 | _a334.01/MAL | ||
| 100 | _aMallick M.R. | ||
| 245 | _aMitras,Co-Ownership & Partition | ||
| 250 | _a8thEd | ||
| 260 |
_aLucknow _bEastern Book Co. _c2003 |
||
| 300 | _a553p. | ||
| 650 | _aINTELLUCTUAL PROPERTY RIGHTS | ||
| 999 |
_c745956 _d745956 |
||